Statistics for Treacherous - Taylor Swift Lyrics

Click here to take the quiz!

General Stats

  • This quiz has been taken 310 times
  • The average score is 251 of 275

Answer Stats

Answer % Correct
treacherous
100%
I
100%
is
98%
a
98%
it
98%
you
98%
the
97%
if
97%
to
97%
this
97%
like
96%
your
96%
and
96%
do
95%
of
93%
they
93%
I'll
93%
mine
93%
as
93%
don't
93%
lips
92%
we
92%
but
92%
say
92%
if
92%
with
92%
put
91%
be
91%
my
91%
touch
91%
long
91%
get
91%
too
91%
close
91%
you're
91%
eye
90%
anything
90%
away
89%
all
89%
out
89%
are
89%
will
89%
hands
89%
know
88%
hear
88%
night
88%
focus
88%
walk
88%
much
88%
path
87%
alone
87%
home
87%
can't
87%
quick
86%
I'd
86%
follow
86%
mind
86%
bone
86%
skin
86%
going
85%
along
85%
gravity's
85%
reckless
85%
stay
85%
think
85%
smart
85%
should
85%
through
85%
sand
85%
slope
85%
just
85%
own
84%
sound
84%
that
84%
flow
84%
dangerous
83%
trained
83%
choice
83%
voice
83%
asking
83%
shine
82%
decide
82%
getting
82%
headlights
82%
it's
82%
has
82%
forever
82%
name
81%
nothing
81%
worth
81%
till
81%
hope
81%
swept
81%
friction
80%
two
80%
safe
79%
drive
79%
sleepless
79%
daydream
76%
echoed
74%
would
65%

Score Distribution

Percentile by Number Answered

Percent of People with Each Score

Your Score History

You have not taken this quiz